西方死亡哲学 (Record no. 21557)
[ view plain ]
| 000 -LEADER | |
|---|---|
| fixed length control field | 00524nam a2200205Ia 4500 |
| 008 - FIXED-LENGTH DATA ELEMENTS--GENERAL INFORMATION | |
| fixed length control field | 200826s9999||||xx |||||||||||||| ||und|| |
| 020 ## - INTERNATIONAL STANDARD BOOK NUMBER | |
| International Standard Book Number | 7301110960 |
| 020 ## - INTERNATIONAL STANDARD BOOK NUMBER | |
| International Standard Book Number | 9787301110966 |
| 041 ## - LANGUAGE CODE | |
| Language code of text/sound track or separate title | chi |
| 050 ## - LIBRARY OF CONGRESS CALL NUMBER | |
| Classification number | BD444 |
| Item number | .D83 2006 |
| 100 ## - MAIN ENTRY--PERSONAL NAME | |
| Personal name | 段德智 |
| 245 #0 - TITLE STATEMENT | |
| Title | 西方死亡哲学 |
| Remainder of title | / |
| Statement of responsibility, etc. | 段德智 |
| 246 ## - VARYING FORM OF TITLE | |
| Title proper/short title | 西方死亡哲學 |
| Remainder of title | / |
| 260 ## - PUBLICATION, DISTRIBUTION, ETC. | |
| Place of publication, distribution, etc. | 北京: |
| Name of publisher, distributor, etc. | 北京大學出版社, |
| Date of publication, distribution, etc. | 2006 |
| 300 ## - PHYSICAL DESCRIPTION | |
| Extent | 2, 295 p. |
| Other physical details | ; |
| Dimensions | 25 cm. |
| 650 ## - SUBJECT ADDED ENTRY--TOPICAL TERM | |
| Topical term or geographic name entry element | Death. |
| 650 ## - SUBJECT ADDED ENTRY--TOPICAL TERM | |
| Topical term or geographic name entry element | Life. |
| 650 ## - SUBJECT ADDED ENTRY--TOPICAL TERM | |
| Topical term or geographic name entry element | Terminal care. |
| Withdrawn status | Lost status | Damaged status | Not for loan | Home library | Current library | Shelving location | Date acquired | Total Checkouts | Full call number | Barcode | Date last seen | Price effective from | Koha item type |
|---|---|---|---|---|---|---|---|---|---|---|---|---|---|
| GETS Theological Seminary Library | GETS Theological Seminary Library | General Stacks | 08/26/2020 | BD444 .D83 2006 | 00009198 | 08/26/2020 | 08/26/2020 | Chinese Book |